100 clásicos del cine de Taschen

সংরক্ষণ করুন:
গ্রন্থ-পঞ্জীর বিবরন
প্রধান লেখক: Müller, Jürgen (autor)
বিন্যাস: গ্রন্থ
ভাষা:স্প্যানিশ
প্রকাশিত: Colonia Taschen 2011
বিষয়গুলি:
ট্যাগগুলো: ট্যাগ যুক্ত করুন
কোনো ট্যাগ নেই, প্রথমজন হিসাবে ট্যাগ করুন!

MARC

LEADER 00000nam a2200000 a 4500
001 UCG7247
003 CL-VaPUC
008 110701e20110000GW |||||||||||||||||spa|d
020 |a 9783836524025 
082 0 4 |a 790  |b MUL  |2 21 
100 |a Müller, Jürgen   |e autor  |9 868433 
245 1 0 |a 100 clásicos del cine de Taschen 
300 |a v 
942 |c BK 
945 |d 20110701 00:00:00  |a dcastane 
260 |a Colonia  |b Taschen  |c 2011 
500 |a v.1: 1915-1959 
500 |a v.2: 1960-2000 
650 0 |a Artes recreativas y de la actuación   |9 557940 
650 7 |a PELICULAS CINEMATOGRAFICAS  |2 CL-VaPUC  |9 557941 
650 0 |a Crítica e interpretación   |9 255042 
650 0 |a Historia del cine  |9 265166 
583 |a last modification  |c 20110701 00:00:00  |k Rodrigo Vera 
999 |c 345306  |d 345304 
952 |0 0  |1 0  |4 0  |6 790_000000000000000_MUL_2011  |7 0  |8 C  |9 443807  |a BIBCUR  |b BIBCUR  |d 2019-11-22  |h v.1  |i 4785940  |l 3  |o 790 MUL 2011  |p 4785940  |r 2025-04-22  |s 2025-03-12  |w 2019-11-22  |y BK  |k CAC 
952 |0 0  |1 0  |4 0  |6 790_000000000000000_MUL_2011  |7 0  |8 C  |9 443808  |a BIBCUR  |b BIBCUR  |d 2019-11-22  |h v.2  |i 4785959  |l 1  |o 790 MUL 2011  |p 4785959  |r 2025-04-22  |s 2025-03-12  |w 2019-11-22  |y BK  |k CAC